Sex v reklamě pohledem zákona

Sexuálne motívy v reklame a platnosť zákona o regulácii reklamy. Ochrana dobrých mravov a ľudskej dôstojnosti. Ochrana osôb mladších ako 18 rokov. Pôsobnosť zákona o prevádzkovaní rozhlasového a televízneho vysielania. Sexuálne motívy v reklame regulované aj Kódexom reklamy.

Salvato in:
Dettagli Bibliografici
Autore principale: Kůta, Petr
Natura: Capitolo di libro
Lingua:ceco
Soggetti:
Tags: Aggiungi Tag
Nessun Tag, puoi essere il primo ad aggiungerne!!

MARC

LEADER 00000naa$a2200000$$$4500
001 0041684
005 20231016105253.3
041 0 |a cze 
044 |a CZ 
245 1 0 |a Sex v reklamě pohledem zákona  |c Petr Kůta 
520 |a Sexuálne motívy v reklame a platnosť zákona o regulácii reklamy. Ochrana dobrých mravov a ľudskej dôstojnosti. Ochrana osôb mladších ako 18 rokov. Pôsobnosť zákona o prevádzkovaní rozhlasového a televízneho vysielania. Sexuálne motívy v reklame regulované aj Kódexom reklamy. 
610 2 0 |a reklama 
610 2 0 |a komunikácia masová 
610 2 0 |a podpora predaja 
610 2 0 |a morálka 
610 2 0 |a etika 
610 2 0 |a kódexy 
610 2 0 |a legislatíva 
610 2 0 |a muži 
610 2 0 |a ženy 
610 2 0 |a deti 
610 2 0 |a Česko 
100 1 |a Kůta, Petr